LEADER 04538nam 2200661Ia 450 001 9910456454203321 005 20200520144314.0 010 $a1-280-24647-2 010 $a9786610246472 010 $a0-309-56528-6 035 $a(CKB)111069351122098 035 $a(EBL)3377204 035 $a(SSID)ssj0000117563 035 $a(PQKBManifestationID)11128933 035 $a(PQKBTitleCode)TC0000117563 035 $a(PQKBWorkID)10043077 035 $a(PQKB)11541791 035 $a(MiAaPQ)EBC3377204 035 $a(Au-PeEL)EBL3377204 035 $a(CaPaEBR)ebr10068441 035 $a(CaONFJC)MIL24647 035 $a(OCoLC)923268971 035 $a(EXLCZ)99111069351122098 100 $a20011003d2001 uy 0 101 0 $aeng 135 $aurcn||||||||| 181 $ctxt 182 $cc 183 $acr 200 00$aCapital asset management$b[electronic resource] $etools and strategies for decision making : conference proceedings 210 $aWashington, D.C. $cNational Academy Press$d2001 215 $a1 online resource (46 p.) 225 1 $aFederal Facilities Council Technical Report ;$vno. 143 225 1 $aCompass series 300 $aA conference entitled "Capital asset management: tools and strategies for decision making", sponsored by the Federal Facilities Council, held at the National Academy of Sciences in Washington, D.C., Setp. 13, 2000. 311 $a0-309-07341-3 320 $aIncludes bibliographical references. 327 $a""Capital Asset Management""; ""Copyright""; ""Acknowledgements""; ""Contents""; ""1 Introduction""; ""BACKGROUND""; ""PURPOSE OF CONFERENCE""; ""RECURRING THEMES""; ""ORGANIZATION OF THIS REPORT""; ""REFERENCE""; ""2 Trends and Best Practices in Capital Budgeting""; ""PRESIDENT'S COMMISSION TO STUDY CAPITAL BUDGETING""; ""Summary of a Presentation by Carol O'Cleireacain, Ph.D., Visiting Fellow, Brookings Institution""; ""BEST PRACTICES OF LEADING ORGANIZATIONS""; ""Summary of a Presentation by Paul Posner, Ph.D., Managing Director, Federal Budget Issues, U.S. General Accounting Office"" 327 $a""OMB'S CAPITAL PROGRAMMING GUIDE""""Summary of a Presentation by Lauren Uher, Deputy Associate Administrator for Acquisition Implementation, Office of Federal""; ""3 Capital Asset Decision Making in Three Federal Agencies""; ""GENERAL SERVICES ADMINISTRATION""; ""Summary of a Presentation by Ron Kendall, Director of Policy and Analysis, Office of Portfolio Management, Public Building""; ""U.S. COAST GUARD""; ""Summary of a Presentation by Rear Admiral Ronald F. Silva, Assistant Commandant for Systems and Chief Engineer, U.S. Coast""; ""NAVAL FACILITIES ENGINEERING COMMAND"" 327 $a""Summary of a Presentation by Get W. Moy, Ph.D., Chief Engineer and Director of Engineering and Base Development, Naval""""4 Building a Case for Capital Reinvestment""; ""OFFICE OF THE ARCHITECT OF THE CAPITOL""; ""Summary of a Presentation by Ronald Woody, Program Manager for Computer Aided Facilities Management and Technology, Office""; ""HILLSBOROUGH COUNTY, FLORIDA""; ""Summary of a Presentation by Lucia Garsys, Capital Program Administrator, Hillsborough County, Florida""; ""5 New Tools for Federal Agencies""; ""ENHANCED-USE LEASING PROGRAM"" 327 $a""Summary of a Presentation by Robert Neary, Jr., Associate Chief Strategic Management Officer, Office of Strategic""""FEDERAL PROPERTY AND ADMINISTRATIVE SERVICES ACT REFORM""; ""Summary of a Presentation by David Bibb, Deputy Associate Administrator, Office of Government-wide Policy, General Services""; ""GOVERNMENT-WIDE REAL PROPERTY INFORMATION SHARING""; ""Summary of a Presentation by Stanley Langfeld, Director, Real Property Policy Division, Office of Government-wide Policy""; ""Appendix A Online Resources""; ""APPENDIX B Speakers' Biographies"" 410 0$aTechnical report (Federal Facilities Council) ;$v#143. 410 0$aCompass series (Washington, D.C.) 606 $aCapital budget$zUnited States$vCongresses 606 $aAdministrative agencies$zUnited States$xDecision making$vCongresses 606 $aPublic buildings$zUnited States$xManagement$vCongresses 608 $aElectronic books. 615 0$aCapital budget 615 0$aAdministrative agencies$xDecision making 615 0$aPublic buildings$xManagement 676 $a336.73 801 0$bMiAaPQ 801 1$bMiAaPQ 801 2$bMiAaPQ 906 $aBOOK 912 $a9910456454203321 996 $aCapital asset management$91983366 997 $aUNINA LEADER 04295nam 2200841 450 001 996248349203316 005 20211005061427.0 010 $a0-8232-6652-4 010 $a0-8232-6290-1 010 $a0-8232-6289-8 024 7 $a10.1515/9780823262892 035 $a(CKB)2670000000582281 035 $a(CaPaEBR)ebrary10930208 035 $a(SSID)ssj0001352764 035 $a(PQKBManifestationID)11854879 035 $a(PQKBTitleCode)TC0001352764 035 $a(PQKBWorkID)11311970 035 $a(PQKB)11226493 035 $a(StDuBDS)EDZ0001111263 035 $a(OCoLC)891603400 035 $a(MdBmJHUP)muse37902 035 $a(DE-B1597)555369 035 $a(DE-B1597)9780823262892 035 $a(Au-PeEL)EBL3239933 035 $a(CaPaEBR)ebr10930208 035 $a(CaONFJC)MIL671367 035 $a(OCoLC)923764507 035 $a(Au-PeEL)EBL1884030 035 $a(OCoLC)958503798 035 $a(MiAaPQ)EBC3239933 035 $a(EXLCZ)992670000000582281 100 $a20140918h20152015 uy 0 101 0 $aeng 135 $aur||||||||||| 181 $ctxt 182 $cc 183 $acr 200 00$aNietzsche and the becoming of life /$fedited by Vanessa Lemm 205 $aFirst edition. 210 1$aNew York :$cFordham University Press,$d2015. 210 4$dİ2015 215 $a1 online resource (421 p.) 225 0 $aPerspective in Continental Philosophy 300 $aIncludes index. 311 $a0-8232-6286-3 311 $a1-322-40085-7 320 $aIncludes bibliographical references and index. 327 $tFront matter --$tContents --$tList of Abbreviations --$tAcknowledgments --$tIntroduction --$t1 The Optics of Science, Art, and Life --$t2 Nietzsche, Nature, and Life Affirmation --$t3 Is Evolution Blind? --$t4 Nietzsche and the Nineteenth- Century Debate on Teleology --$t5 Nietzsche?s Conception of ?Necessity? and Its Relation to ?Laws of Nature? --$t6 Life and Justice in Nietzsche?s Conception of History --$t7 Life, Injustice, and Recurrence --$t8 Heeding the Law of Life --$t9 Toward the Body of the Overman --$t10 Nietzsche?s Synaesthetic Epistemology and the Restitution of the Holistic Human --$t11 Nietzsche?s Naturalist Morality of Breeding: A Critique of Eugenics as Taming --$t12 An ?Other Way of Being.? --$t13 Nietzsche and the Transformation of Death --$t14 Becoming and Purification --$t15 ?Falling in Love with Becoming? --$t16 ?We Are Experiments? --$t17 States and Nomads --$tNotes --$tList of Contributors --$tIndex 330 $aThroughout his writing career Nietzsche advocated the affirmation of earthly life as a way to counteract nihilism and asceticism. This volume takes stock of the complexities and wide-ranging perspectives that Nietzsche brings to bear on the problem of life?s becoming on Earth by engaging various interpretative paradigms reaching from existentialist to Darwinist readings of Nietzsche. In an age in which the biological sciences claim to have unlocked the deepest secrets and codes of life, the essays in this volume propose a more skeptical view. Life is both what is closest and what is furthest from us, because life experiments through us as much as we experiment with it, because life keeps our thinking and our habits always moving, in a state of recurring nomadism. Nietzsche?s philosophy is perhaps the clearest expression of the antinomy contained in the idea of ?studying? life and in the Socratic ideal of an ?examined? life and remains a deep source of wisdom about living. 410 0$aPerspectives in continental philosophy. 606 $aPHILOSOPHY / History & Surveys / Modern$2bisacsh 610 $aBecoming. 610 $aJustice. 610 $aLaw. 610 $aLife. 610 $aNaturalism. 610 $aNietzsche. 610 $aNomadism. 610 $aNormativity. 610 $aSelf-experiment. 610 $abody. 610 $aevolution. 610 $anature. 615 7$aPHILOSOPHY / History & Surveys / Modern. 676 $a193 702 $aLemm$b Vanessa 801 0$bMiAaPQ 801 1$bMiAaPQ 801 2$bMiAaPQ 906 $aBOOK 912 $a996248349203316 996 $aNietzsche and the becoming of life$92371942 997 $aUNISA